000 00290nam a22001337a 4500
003 CEME
005 20210628203928.0
008 210309b xxu||||| |||| 00| 0 eng d
040 _c.
082 _a621.395 PAC
245 _aPackaging, handbook
260 _bINTEL
_c1991
942 _cBK
_2ddc
999 _c575568
_d575568